ბათუმის შოთა რუსთაველის სახელმწიფო უნივერსიტეტის ბიბლიოთეკა

Аналитическая геометрия. (ბიბ.ჩანაწერი № 37269)

000 -LEADER
fixed length control field 00712nam a2200229Ia 4500
001 - CONTROL NUMBER
control field 3228
003 - CONTROL NUMBER IDENTIFIER
control field GE_BSU
008 - FIXED-LENGTH DATA ELEMENTS--GENERAL INFORMATION
fixed length control field 181216s||||||||xx |||||||||||||| ||und||
040 ## - CATALOGING SOURCE
Transcribing agency GE_BSU
080 ## - UNIVERSAL DECIMAL CLASSIFICATION NUMBER
Universal Decimal Classification number 514.12(075.8)
100 ## - MAIN ENTRY--PERSONAL NAME
Personal name Привалов,И.И.
245 ## - TITLE STATEMENT
Title Аналитическая геометрия.
245 ## - TITLE STATEMENT
Remainder of title Учебник.
245 ## - TITLE STATEMENT
Statement of responsibility, etc. Ред. Н.А.Угарова.
250 ## - EDITION STATEMENT
Edition statement Изд 27-ое, перераб.и сокращенное.
260 ## - PUBLICATION, DISTRIBUTION, ETC.
Place of publication, distribution, etc. Москва
260 ## - PUBLICATION, DISTRIBUTION, ETC.
Name of publisher, distributor, etc. Гос.Изд-во физико-математической лит-ры.
260 ## - PUBLICATION, DISTRIBUTION, ETC.
Date of publication, distribution, etc. 1962.
300 ## - PHYSICAL DESCRIPTION
Extent 272 стр. 22 см.
653 ## - INDEX TERM--UNCONTROLLED
Uncontrolled term Аналитическая геометрия.
942 ## - ADDED ENTRY ELEMENTS (KOHA)
Koha item type წიგნი
ეგზემპლარები
Withdrawn status Lost status Damaged status Not for loan Date acquired Barcode Date last seen Price effective from Koha item type
        2018-12-17 9084 2018-12-17 2018-12-17 წიგნი
        2018-12-17 9085 2018-12-17 2018-12-17 წიგნი
        2018-12-17 9086 2018-12-17 2018-12-17 წიგნი